=LDR 00000nam 2200000 4500 =001 INLIS000000000016526 =005 20130612111817 =008 ***********************************Ind** =035 ##$$0010-061300000016526 =041 ##$$a Ind =082 ##$$a 028.5 =090 ##$$a 028.5, Mua d =100 ##$$a Muakhir. Ali =245 ##$$a Dibawa kelangit biru, Ali Muakhir =260 ##$$a 2002 $b Bandung =300 ##$$a 14 hlm, ilus, 17 cm =650 ##$$a bacaan anak-anak =850 ##$$a NBPNMAT